¡Lo digo por tu bien! (Registro nro. 11750)
[ vista simple ]
| 000 -CABECERA | |
|---|---|
| campo de control de longitud fija | 00598nam a22002417a 4500 |
| 005 - FECHA Y HORA DE ACTUALIZACIÓN | |
| campo de control | 20190319113822.0 |
| 008 - LONGITUD FIJA | |
| campo de control de longitud fija | 190319b xxu||||| |||| 00| 0 spa d |
| 020 ## - INTERNATIONAL STANDARD BOOK NUMBER | |
| Número Internacional Estándar del Libro | 9788449312458 |
| 041 ## - IDIOMA | |
| Código de idioma del texto/pista de sonido o título separado | |
| 082 ## - CLASIFICACIÓN DECIMAL DEWEY | |
| Número de clasificación | 155.23 T166l |
| 100 ## - AUTOR PERSONAL | |
| Nombre de persona | Tannen, Deborah |
| 245 ## - TÍTULO PROPIAMENTE DICHO | |
| Título | ¡Lo digo por tu bien! |
| 260 ## - PIE DE IMPRENTA | |
| Lugar de publicación, distribución, etc. | España |
| 260 ## - PIE DE IMPRENTA | |
| Nombre del editor, distribuidor, etc. | Paidós |
| 260 ## - PIE DE IMPRENTA | |
| Fecha de publicación, distribución, etc. | 2002 |
| 300 ## - DESCRIPCIÓN FÍSICA | |
| Extensión | 380 páginas |
| 650 ## - Materia General | |
| Materia general | SUPERACIÓN PERSONAL |
| 650 ## - Materia General | |
| Materia general | COMUNICACIÓN |
| 650 ## - Materia General | |
| Materia general | FAMILIA |
| 650 ## - Materia General | |
| Materia general | COSTUMBRES FAMILIARES |
| 650 ## - Materia General | |
| Materia general | DISCIPLINA |
| 942 ## - Punto de Acceso Adicional Koha | |
| Tipo de ítem Koha | Libro |
No hay ítems disponibles.